[Libros para el baño] (Registro nro. 437130)

Detalles MARC
000 -LÍDER
Campo fijo de descripción fija 00883nam a22002657a 4500
003 - IDENTIFICADOR DEL NÚMERO DE CONTROL
Campo de control BCEG
005 - FECHA Y HORA DE LA ULTIMA TRANSACCIÓN
control field 20260325122404.0
008 - ELEMENTOS DE LONGITUD FIJA -- INFORMACIÓN GENERAL
Campo fijo de descripción fija -- Información general 260324s2024 |||||||||||||||0 spa d
020 ## - ISBN
Isbn 9789962180685 (v. 1)
020 ## - ISBN
Isbn 9789962180692 (v. 2)
020 ## - ISBN
Isbn 9789962180708 (v. 3)
020 ## - ISBN
Isbn 9789962180715 (v. 4)
040 ## - FUENTE DE CATALOGACIÓN
Agencia de catalogación original BCEG
Idioma de catalogación spa
Agencia que realiza la transcripción BCEG
082 04 - NÚMERO DE CLASIFICACIÓN DECIMAL DEWEY
Número de clasificación I591
Clave de autor-Numero de item A598a
245 00 - TÍTULO PROPIAMENTE DICHO
Título [Libros para el baño]
260 ## - PUBLICACIÓN, DISTRIBUCIÓN, ETC. (PIE DE IMPRENTA)
Lugar de publicación, distribución, etc. [México :
Nombre del editor, distribuidor, etc. Lexus Editores],
Fecha de publicación, distribución, etc. 2024.
300 ## - DESCRIPCIÓN FÍSICA
Extensión [8] p. :
Otros detalles físicos : il., col.
500 ## - NOTA GENERAL
Nota General Título tomado del catálogo del editor.
505 ## - NOTA DE CONTENIDO
Información miscelánea v. 1.
Título Dinosaurios --
Información miscelánea v. 2.
Título Animales de la granja --
Información miscelánea v. 3.
Título Animales de la jungla --
Información miscelánea v. 4.
Título Animales marinos.
535 ## - NOTA DE UBICACIÓN DE ORIGINALES
Custodio Disponible en la colección infantil de 0-3 años.
541 ## - NOTA DE FUENTE INMEDIATA DE ADQUISICIÓN
Nota de fuente de adquisición Compra.
650 14 - ASIENTO SECUNDARIO DE MATERIA - TERMINO TEMÁTICO
Término temático o nombre geográfico como elemento de entrada Animales
Subdivisión de forma Libros y lecturas para niños.
650 14 - ASIENTO SECUNDARIO DE MATERIA - TERMINO TEMÁTICO
Término temático o nombre geográfico como elemento de entrada Libros para bebés.
942 ## - TIPO DE MATERIAL (KOHA)
Tipo de Item KOHA Libro
Existencias
No para Préstamo Colección Biblioteca de Origen Biblioteca Permanente Fecha de Adquisición Fuente de Adquisicion Total de Préstamos Signatura Topográfica Código de Barras Última vez visto Ejemplar Tipo de Material
Material en Reserva Infantil Biblioteca Central Estatal de Guanajuato, "Wigberto Jiménez Moreno" Biblioteca Central Estatal de Guanajuato, "Wigberto Jiménez Moreno" 24/03/2026 COMPRA-2025   I591 BCEG8655231060 24/03/2026 v. 1 Libro
Material en Reserva Infantil Biblioteca Central Estatal de Guanajuato, "Wigberto Jiménez Moreno" Biblioteca Central Estatal de Guanajuato, "Wigberto Jiménez Moreno" 24/03/2026 COMPRA-2025   I591 BCEG8655231061 24/03/2026 v. 2 Libro
Material en Reserva Infantil Biblioteca Central Estatal de Guanajuato, "Wigberto Jiménez Moreno" Biblioteca Central Estatal de Guanajuato, "Wigberto Jiménez Moreno" 24/03/2026 COMPRA-2025   I591 BCEG8655231062 24/03/2026 v. 3 Libro
Material en Reserva Infantil Biblioteca Central Estatal de Guanajuato, "Wigberto Jiménez Moreno" Biblioteca Central Estatal de Guanajuato, "Wigberto Jiménez Moreno" 24/03/2026 COMPRA-2025   I591 BCEG8655231063 24/03/2026 v. 4 Libro
  Infantil Biblioteca Central Estatal de Guanajuato, "Wigberto Jiménez Moreno" Biblioteca Central Estatal de Guanajuato, "Wigberto Jiménez Moreno" 24/03/2026 COMPRA-2025   I591 A598a BCEG8655231065 24/03/2026 v. 4 ej. 2 Libro
  Infantil Biblioteca Central Estatal de Guanajuato, "Wigberto Jiménez Moreno" Biblioteca Central Estatal de Guanajuato, "Wigberto Jiménez Moreno" 24/03/2026 COMPRA-2025   I591 A598a BCEG8655231064 24/03/2026 v. 3 ej. 2 Libro
  Infantil Biblioteca Central Estatal de Guanajuato, "Wigberto Jiménez Moreno" Biblioteca Central Estatal de Guanajuato, "Wigberto Jiménez Moreno" 24/03/2026 COMPRA-2025   I591 A598a BCEG8655231066 24/03/2026 v. 2 ej. 2 Libro
  Infantil Biblioteca Central Estatal de Guanajuato, "Wigberto Jiménez Moreno" Biblioteca Central Estatal de Guanajuato, "Wigberto Jiménez Moreno" 24/03/2026 COMPRA-2025   I591 A598a BCEG8655231067 24/03/2026 v. 1 ej. 2 Libro